Diálogos desde la diferencia : debates sobre pensamiento estético e historia del arte /

I tiakina i:
Ngā taipitopito rārangi puna kōrero
Kaituhi rangatōpū: Encuentro Nacional de Estética y Filosofía del Arte ( Universidad Nacional de Colombia, Sede Medellín, Maestría en Estética)
Ētahi atu kaituhi: Rojas López, Manuel Bernardo (edición) (edición)
Hōputu: Mauhanga Hui Pukapuka
Reo:Pāniora
I whakaputaina: Medellín, Colombia : Universidad Nacional de Colombia, Sede Medellín, Facultad de Ciencias Humanas y Económicas, 2015, c2015
Rangatū:(Universidad Nacional de Colombia Nexos)
Ngā marau:
Ngā Tūtohu: Tāpirihia he Tūtohu
Kāore He Tūtohu, Me noho koe te mea tuatahi ki te tūtohu i tēnei pūkete!

MARC

LEADER 00000nam^a2200000^a^4500
001 000399854
005 20250521000000.0
009 20260310121603.865
020 |a 978-958-775-353-0 
020 |a 978-958-775-355-4 
037 |a Acervo ITESO - Biblioteca 
041 |a ESP 
082 |a 701. 17  |b ENC 2013 
111 |a Encuentro Nacional de Estética y Filosofía del Arte (  |n 3° :  |d 2013 :  |c Universidad Nacional de Colombia, Sede Medellín, Maestría en Estética) 
245 1 0 |a Diálogos desde la diferencia :  |b debates sobre pensamiento estético e historia del arte /  |c Encuentro Nacional de Estética y Filosofía del Arte ; ed. y presen. de M.B. Rojas López. 
264 4 |a Medellín, Colombia :  |b Universidad Nacional de Colombia, Sede Medellín, Facultad de Ciencias Humanas y Económicas,  |c 2015, c2015 
300 |a 248 p. 
336 |a texto  |b txt  |2 rdacontenido 
337 |a sin mediación  |b n  |2 rdamedio 
338 |a volumen  |b nc  |2 rdasoporte 
440 1 |a (Universidad Nacional de Colombia Nexos) 
521 |a FIL 2017 EEnlace Centro de Promoción Cultural 
649 |a XX 
650 |a Estética -  |x Congresos -  |x Tema Principal 
650 |a Filosofía -  |x Congresos 
650 |a Arte -  |x Congresos 
700 |a Rojas López, Manuel Bernardo  |e (edición) 
910 |a Fondo General 
920 |a Impresos - Libros 
930 |a Colección General 
905 |a 101 
901 |a 0500294984  |b IT1  |c ACC  |i c158217  |u 20250521 
902 |a https://opac.biblio.iteso.mx/vufind/Record/000399854